000
00280nam a2200097Ia 4500
005
20251222114342.0
008
251222s1900||||xx |||||||||||||| ||spa||
082
_a
DVD0040/W42/2003
245
0
_a
Capitán de mar y guerra: la costa más lejana del mundo:Master and commander
942
_c
DVD
999
_c
883
_d
883